[Event "Thessaloniki Vardaris op 3rd"]
[Site "Thessaloniki"]
[Date "2017.02.23"]
[Round "1"]
[White "Soilemetzidis, Konstantinos"]
[Black "Papakonstantinou, Spyridon"]
[Result "0-1"]
[WhiteElo "2025"]
[BlackElo "2168"]
[PlyCount "60"]
[EventDate "2017.02.23"]
[EventType "swiss"]
[EventRounds "7"]
[EventCountry "GRE"]
[SourceTitle "CBM 177 Extra"]
[Source "ChessBase"]
[SourceDate "2017.04.27"]
[SourceVersion "1"]
[SourceVersionDate "2017.04.27"]
[SourceQuality "1"]

1. e4 c5 2. Nf3 Nc6 3. b4 cxb4 4. d4 d5 5. exd5 Qxd5 6. c4 Qe4+ 7. Be3 Bf5 8. d5 Ne5 9. Nxe5 Qxe5 10. Nd2 Bg4 11. Qa4+ Bd7 12. Qd1 g6 13. Rb1 Bh6 14. Nf3 Qc3+ 15. Bd2 Bxd2+ 16. Qxd2 Qxd2+ 17. Nxd2 a5 18. Bd3 Nf6 19. 0-0 0-0 20. a3 e6 21. dxe6 Bxe6 22. axb4 Rfd8 23. Rb3 b5 24. Rc1 axb4 25. Ne4 Nxe4 26. Bxe4 Ra4 27. Bc6 bxc4 28. Bxa4 cxb3 29. h3 Ra8 30. Bb5 b2 0-1

[Event "SRB Central-ch op-A 9th"]
[Site "Paracin"]
[Date "2016.07.12"]
[Round "6"]
[White "Soilemetzidis, Konstantinos"]
[Black "Aponte Castillo, Jose Ernesto"]
[Result "0-1"]
[WhiteElo "2035"]
[BlackElo "2100"]
[PlyCount "39"]
[EventDate "2016.07.07"]
[EventType "swiss"]
[EventRounds "9"]
[EventCountry "SRB"]
[SourceTitle "CBM 173 Extra"]
[Source "ChessBase"]
[SourceDate "2016.08.29"]
[SourceVersion "1"]
[SourceVersionDate "2016.08.29"]
[SourceQuality "1"]

1. Nf3 d5 2. d4 Nf6 3. e3 g6 4. b3 Bg7 5. Bb2 c5 6. Bd3 0-0 7. Nbd2 cxd4 8. exd4 Nc6 9. a3 Nh5 10. Ne5 Nf4 11. Bf1 Nxe5 12. dxe5 Qc7 13. Nf3 Bg4 14. Qd4 Bxf3 15. gxf3 Qxc2 16. Bc1 Ne6 17. Qe3 d4 18. Qd3 Qc6 19. Bg2 Nc5 20. Qd1 0-1

[Event "Thessaloniki Vardaris op 2nd"]
[Site "Thessaloniki"]
[Date "2016.03.12"]
[Round "3"]
[White "Soilemetzidis, Konstantinos"]
[Black "Stanojoski, Zvonko"]
[Result "0-1"]
[WhiteElo "1958"]
[BlackElo "2437"]
[PlyCount "62"]
[EventDate "2016.03.10"]
[EventType "swiss"]
[EventRounds "7"]
[EventCountry "GRE"]
[SourceTitle "CBM 171 Extra"]
[Source "ChessBase"]
[SourceDate "2016.04.26"]
[SourceVersion "1"]
[SourceVersionDate "2016.04.26"]
[SourceQuality "1"]

1. d4 Nf6 2. Bg5 c5 3. d5 Qb6 4. Nc3 a6 5. e4 d6 6. Rb1 Nbd7 7. Nf3 h6 8. Bd2 g6 9. h3 Bg7 10. Bd3 Qc7 11. a4 c4 12. Bf1 Rb8 13. a5 0-0 14. Qe2 Qxa5 15. Qxc4 b5 16. Qe2 b4 17. Nd1 Qa2 18. Rc1 Nc5 19. Nd4 Bd7 20. f3 Nxd5 21. exd5 Bxd4 22. Bxh6 Rfe8 23. Qc4 Qxc4 24. Bxc4 e6 25. dxe6 Bxe6 26. Bxe6 Rxe6+ 27. Kf1 Rbe8 28. Bd2 a5 29. g3 Re2 30. c3 Rxd2 31. cxd4 Nd3 0-1

[Event "Sitges Sunway op-B 2nd"]
[Site "Sitges"]
[Date "2015.12.19"]
[Round "8"]
[White "Soilemetzidis, Konstantinos"]
[Black "Colom Andres, Xavier"]
[Result "1/2-1/2"]
[WhiteElo "1917"]
[BlackElo "1881"]
[PlyCount "104"]
[EventDate "2015.12.13"]
[EventType "swiss"]
[EventRounds "9"]
[EventCountry "ESP"]
[SourceTitle "CBM 170 Extra"]
[Source "ChessBase"]
[SourceDate "2016.02.25"]
[SourceVersion "1"]
[SourceVersionDate "2016.02.25"]
[SourceQuality "1"]

1. e4 c5 2. b4 b6 3. Bc4 e6 4. bxc5 bxc5 5. Nc3 Ba6 6. Qe2 Bxc4 7. Qxc4 Nc6 8. Nf3 Rb8 9. a3 d6 10. 0-0 Qd7 11. d4 cxd4 12. Nxd4 Nxd4 13. Qxd4 Nf6 14. Rd1 Be7 15. Be3 0-0 16. Qxa7 Qxa7 17. Bxa7 Rb7 18. Be3 Rc8 19. Bd2 Nd7 20. Rab1 Rxb1 21. Rxb1 Bf6 22. Rb7 Nc5 23. Rb4 Bxc3 24. Bxc3 Nxe4 25. Bd4 f5 26. f3 Nc5 27. Rc4 Kf7 28. f4 g6 29. Kf1 Ke7 30. Ke2 Kd7 31. Bxc5 dxc5 32. Ra4 Rc6 33. Ra7+ Kd6 34. Kd3 e5 35. fxe5+ Kxe5 36. Kc4 h6 37. Rd7 Ra6 38. Rd8 Ke4 39. Rd3 Ra8 40. Rd6 g5 41. Re6+ Kf4 42. Rxh6 Rxa3 43. c3 g4 44. g3+ Kf3 45. Rd6 Kg2 46. Rd2+ Kf3 47. Rc2 Ke3 48. Kxc5 Kd3 49. Rf2 Ke3 50. Kb4 Rxc3 51. Rxf5 Rc2 52. Rf4 Rxh2 1/2-1/2

[Event "Sitges Sunway op-B 2nd"]
[Site "Sitges"]
[Date "2015.12.15"]
[Round "4"]
[White "Soilemetzidis, Konstantinos"]
[Black "Taylor, Robert Graham"]
[Result "1/2-1/2"]
[WhiteElo "1917"]
[BlackElo "1968"]
[PlyCount "56"]
[EventDate "2015.12.13"]
[EventType "swiss"]
[EventRounds "9"]
[EventCountry "ESP"]
[SourceTitle "CBM 170 Extra"]
[Source "ChessBase"]
[SourceDate "2016.02.25"]
[SourceVersion "1"]
[SourceVersionDate "2016.02.25"]
[SourceQuality "1"]

1. d4 Nf6 2. Nf3 g6 3. Bf4 Bg7 4. h3 c5 5. e3 Qb6 6. Nc3 0-0 7. Be2 d6 8. Nd2 cxd4 9. Nc4 Qd8 10. exd4 Nbd7 11. 0-0 Nb6 12. Ne3 Nbd7 13. Nc4 Nb6 14. Re1 Nxc4 15. Bxc4 Bd7 16. Qe2 Re8 17. Rad1 a6 18. Bg5 b5 19. Bb3 Bc6 20. Bxf6 Bxf6 21. Ne4 Bxe4 22. Qxe4 e6 23. Re3 d5 24. Qd3 Bg7 25. c3 Rf8 26. Rde1 Rb8 27. Qe2 Qd6 28. Qd3 Qd8 1/2-1/2

[Event "Sitges Sunway op-B 2nd"]
[Site "Sitges"]
[Date "2015.12.13"]
[Round "1"]
[White "Rodriguez Batuecas, Jordi"]
[Black "Soilemetzidis, Konstantinos"]
[Result "0-1"]
[WhiteElo "1588"]
[BlackElo "1917"]
[PlyCount "64"]
[EventDate "2015.12.13"]
[EventType "swiss"]
[EventRounds "9"]
[EventCountry "ESP"]
[SourceTitle "CBM 170 Extra"]
[Source "ChessBase"]
[SourceDate "2016.02.25"]
[SourceVersion "1"]
[SourceVersionDate "2016.02.25"]
[SourceQuality "1"]

1. c4 e5 2. Nc3 Bc5 3. g3 Nc6 4. Bg2 a6 5. Nf3 d6 6. d3 Nge7 7. 0-0 h5 8. Ne4 Ba7 9. Rb1 h4 10. Nxh4 Bg4 11. h3 Bf5 12. Ng5 f6 13. e4 Bd7 14. Ngf3 g5 15. Bxg5 fxg5 16. Nxg5 Nd4 17. Kh2 Ne6 18. Qd2 Nc6 19. Nxe6 Bxe6 20. f4 exf4 21. Qxf4 Ne5 22. Qd2 Qe7 23. b3 Bd4 24. Nf5 Bxf5 25. Rxf5 Kd7 26. b4 Raf8 27. Rbf1 Ng4+ 28. Kh1 Ne3 29. Rxf8 Rxf8 30. Rxf8 Qxf8 31. Kh2 Nf1+ 32. Bxf1 Qxf1 0-1

[Event "World Amateur-ch"]
[Site "Chalkidiki"]
[Date "2015.04.18"]
[Round "6"]
[White "Dogan, Mire Deniz"]
[Black "Soilemetzidis, Konstantinos"]
[Result "1/2-1/2"]
[WhiteElo "1815"]
[BlackElo "1900"]
[PlyCount "76"]
[EventDate "2015.04.14"]
[EventType "team-swiss"]
[EventRounds "9"]
[EventCountry "GRE"]
[SourceTitle "CBM 166 Extra"]
[Source "ChessBase"]
[SourceDate "2015.06.18"]
[SourceVersion "1"]
[SourceVersionDate "2015.06.18"]
[SourceQuality "1"]

1. d4 g6 2. c4 Bg7 3. Nc3 c5 4. d5 Bxc3+ 5. bxc3 Qa5 6. Qc2 f5 7. Bf4 d6 8. e3 Nf6 9. Be2 Nbd7 10. Nf3 Nb6 11. Nd2 Bd7 12. 0-0 0-0-0 13. Rab1 h6 14. h4 Rdg8 15. Bg3 Qa6 16. f3 Nfxd5 17. cxd5 Qxe2 18. Rfe1 Qa6 19. c4 Rd8 20. Qc3 g5 21. Rec1 Rhg8 22. hxg5 hxg5 23. Nb3 f4 24. exf4 gxf4 25. Bxf4 Nxd5 26. cxd5 e5 27. Bxe5 Rxg2+ 28. Kh1 dxe5 29. Qxe5 Qh6+ 30. Kxg2 Rg8+ 31. Kf2 Qh4+ 32. Ke3 Re8 33. Qxe8+ Bxe8 34. Rxc5+ Kd7 35. Rbc1 Qh6+ 36. Kd4 Kd6 37. Kc3 Qxc1+ 38. Nxc1 Kxc5 1/2-1/2

[Event "SRB Central-ch op-A 7th"]
[Site "Paracin"]
[Date "2014.07.05"]
[Round "3"]
[White "Jovanovic, Bojan P"]
[Black "Soilemetzidis, Konstantinos"]
[Result "1-0"]
[WhiteElo "2307"]
[BlackElo "1909"]
[PlyCount "83"]
[EventDate "2014.07.04"]
[EventType "swiss"]
[EventRounds "9"]
[EventCountry "SRB"]
[SourceTitle "CBM 161 Extra"]
[Source "ChessBase"]
[SourceDate "2014.08.29"]
[SourceVersion "1"]
[SourceVersionDate "2014.08.29"]
[SourceQuality "1"]

1. d4 g6 2. c4 Bg7 3. Nc3 d6 4. Nf3 e5 5. d5 Ne7 6. h4 h6 7. e4 Bg4 8. Be2 a5 9. Be3 Na6 10. Qa4+ Bd7 11. Qxa5 b6 12. Qa3 f5 13. Qb3 0-0 14. Qc2 fxe4 15. Nxe4 Nf5 16. Bd2 Qe7 17. Bd3 Rae8 18. 0-0-0 Nc5 19. Nxc5 bxc5 20. Be4 Ra8 21. b3 Qf6 22. g4 Nd4 23. Nxd4 exd4 24. g5 d3 25. gxf6 dxc2 26. Rdg1 Rxf6 27. Bc3 Rf7 28. Rxg6 Kf8 29. Bxg7+ Rxg7 30. Rxg7 Kxg7 31. a4 Rf8 32. f3 Rf4 33. Kxc2 Bf5 34. Bxf5 Rxf5 35. Rh3 Kf6 36. Rg3 Kf7 37. a5 Re5 38. a6 Re2+ 39. Kb1 Re8 40. h5 Ra8 41. Rg6 Rxa6 42. Rxh6 1-0

[Event "SRB Central-ch op-A 7th"]
[Site "Paracin"]
[Date "2014.07.05"]
[Round "2"]
[White "Soilemetzidis, Konstantinos"]
[Black "Obodchuk, Andrei"]
[Result "0-1"]
[WhiteElo "1909"]
[BlackElo "2374"]
[PlyCount "48"]
[EventDate "2014.07.04"]
[EventType "swiss"]
[EventRounds "9"]
[EventCountry "SRB"]
[SourceTitle "CBM 161 Extra"]
[Source "ChessBase"]
[SourceDate "2014.08.29"]
[SourceVersion "1"]
[SourceVersionDate "2014.08.29"]
[SourceQuality "1"]

1. g3 g6 2. Bg2 Bg7 3. e4 c5 4. Nf3 Nc6 5. 0-0 d6 6. c3 e5 7. d3 Nge7 8. Nbd2 0-0 9. Ne1 Be6 10. Nc2 f5 11. f4 exf4 12. gxf4 Qd7 13. Ne3 d5 14. exd5 Nxd5 15. Nb3 b6 16. Nc4 Rad8 17. Re1 Nxc3 18. bxc3 Bxc4 19. Bb2 Bxd3 20. Nd2 Na5 21. Nf3 Be4 22. Qxd7 Rxd7 23. Ne5 Bxe5 24. fxe5 Bxg2 0-1

[Event "Plovdiv Tringov Memorial 36th"]
[Site "Plovdiv"]
[Date "2014.02.05"]
[Round "5"]
[White "Cvetanovic, Uros"]
[Black "Soilemetzidis, Konstantinos"]
[Result "1-0"]
[WhiteElo "2290"]
[BlackElo "1923"]
[PlyCount "63"]
[EventDate "2014.02.02"]
[EventType "swiss"]
[EventRounds "9"]
[EventCountry "BUL"]
[SourceTitle "CBM 158 Extra"]
[Source "ChessBase"]
[SourceDate "2014.02.28"]
[SourceVersion "1"]
[SourceVersionDate "2014.02.28"]
[SourceQuality "1"]

1. e4 g6 2. d4 Bg7 3. Nc3 c6 4. f4 d5 5. e5 Nh6 6. Nf3 f6 7. Bd3 Bg4 8. h3 Bxf3 9. Qxf3 0-0 10. Qe2 fxe5 11. dxe5 e6 12. Nd1 c5 13. c3 Nc6 14. h4 Nf5 15. Qg4 c4 16. Bc2 d4 17. Be4 dxc3 18. bxc3 Nb4 19. Nf2 Nd5 20. Bd2 Qb6 21. h5 Nxc3 22. Bxf5 Rxf5 23. hxg6 Qb2 24. Rc1 Rd8 25. Be3 h6 26. 0-0 Ne2+ 27. Kh2 Bxe5 28. Rb1 Qc3 29. Qxe2 Bxf4+ 30. Bxf4 Rxf4 31. Qxe6+ Kf8 32. Nd3 1-0

[Event "Skopje Karposh op"]
[Site "Skopje"]
[Date "2013.03.10"]
[Round "3"]
[White "Veleski, Robert"]
[Black "Soilemetzidis, Konstantinos"]
[Result "1-0"]
[WhiteElo "2267"]
[BlackElo "1947"]
[PlyCount "75"]
[EventDate "2013.03.09"]
[EventType "swiss"]
[EventRounds "9"]
[EventCountry "MKD"]
[SourceTitle "CBM 153 Extra"]
[Source "ChessBase"]
[SourceDate "2013.04.22"]
[SourceVersion "1"]
[SourceVersionDate "2013.04.22"]
[SourceQuality "1"]

1. c4 g6 2. Nc3 Bg7 3. g3 d6 4. Bg2 e5 5. e3 Nc6 6. Nge2 Nge7 7. d3 0-0 8. 0-0 Be6 9. Nd5 f5 10. f4 Qd7 11. Nec3 Kh8 12. Qa4 Nc8 13. Bd2 Nb6 14. Qd1 Nd8 15. a4 Bg8 16. a5 Nxd5 17. cxd5 a6 18. Qa4 Qe7 19. Rac1 Bf7 20. Rc2 Be8 21. Qa3 h6 22. Rfc1 Qd7 23. Ne2 Rc8 24. Bb4 Nf7 25. fxe5 Bxe5 26. Nf4 Bxf4 27. exf4 Qd8 28. Bc3+ Kh7 29. Qb4 Bb5 30. Qd4 Rg8 31. Re1 c5 32. dxc6 Bxc6 33. Rce2 Bxg2 34. Kxg2 Qd7 35. Kg1 Rcf8 36. Re7 Qc6 37. Qf6 Qd5 38. R1e6 1-0

[Event "Skopje Karposh op"]
[Site "Skopje"]
[Date "2013.03.09"]
[Round "1"]
[White "Berescu, Alin Mile"]
[Black "Soilemetzidis, Konstantinos"]
[Result "1-0"]
[WhiteElo "2477"]
[BlackElo "1947"]
[PlyCount "45"]
[EventDate "2013.03.09"]
[EventType "swiss"]
[EventRounds "9"]
[EventCountry "MKD"]
[SourceTitle "CBM 153 Extra"]
[Source "ChessBase"]
[SourceDate "2013.04.22"]
[SourceVersion "1"]
[SourceVersionDate "2013.04.22"]
[SourceQuality "1"]

1. e4 g6 2. d4 Bg7 3. Nc3 c5 4. dxc5 Bxc3+ 5. bxc3 Qa5 6. Qd3 b6 7. cxb6 Nf6 8. Bd2 Qe5 9. f3 axb6 10. Qd4 Qc7 11. Bd3 Nc6 12. Qf2 0-0 13. Ne2 d5 14. exd5 Nxd5 15. 0-0 Ba6 16. f4 e6 17. c4 Nde7 18. Rfb1 Nc8 19. Bc3 N6e7 20. Kh1 Nc6 21. Bf6 Na5 22. Qh4 h5 23. Qg5 1-0

[Event "GRE-ch U18"]
[Site "Greece"]
[Date "2005.01.??"]
[Round "3"]
[White "Mouratidis, Grigoris"]
[Black "Soilemetzidis, Konstantinos"]
[Result "1-0"]
[WhiteElo "2057"]
[BlackElo "1926"]
[PlyCount "95"]
[EventDate "2005.01.??"]
[EventType "swiss"]
[EventRounds "7"]
[EventCountry "GRE"]
[SourceTitle "EXT 2006"]
[Source "ChessBase"]
[SourceDate "2005.11.24"]
[SourceVersion "1"]
[SourceVersionDate "2005.11.24"]
[SourceQuality "1"]

1. d4 Nf6 2. c4 e6 3. Nf3 b6 4. g3 Ba6 5. b3 Bb4+ 6. Bd2 Be7 7. Bg2 Bb7 8. 0-0 0-0 9. Nc3 c5 10. Bf4 d5 11. cxd5 exd5 12. Rc1 Re8 13. Ne5 a6 14. dxc5 bxc5 15. Na4 Qa5 16. Nc4 dxc4 17. Bxb7 Ra7 18. Bf3 cxb3 19. axb3 Nbd7 20. Qc2 h6 21. Rfe1 g5 22. Be3 Rb8 23. Rb1 Ne5 24. Bg2 Rd7 25. Qf5 Rxb3 26. Ra1 Qc7 27. Rec1 c4 28. Nc3 Neg4 29. Rxa6 Nxe3 30. fxe3 Qc5 31. Qf3 Qe5 32. Nd1 c3 33. Nf2 Rb2 34. Nd3 Qb5 35. Ra8+ Kg7 36. Nxb2 cxb2 37. Rb1 Rc7 38. Qf1 Qe5 39. e4 Qd4+ 40. Kh1 Ng4 41. h3 Ne3 42. Qg1 Qd2 43. Re1 Bc5 44. Rb1 Nxg2 45. Qxg2 Be3 46. Rf1 Qc2 47. Qf3 Qb3 48. Qf6+ 1-0

[Event "GRE-ch U18"]
[Site "Greece"]
[Date "2005.01.??"]
[Round "4"]
[White "Soilemetzidis, Konstantinos"]
[Black "Nikolopoulos, Georgios"]
[Result "1-0"]
[WhiteElo "1926"]
[BlackElo "2066"]
[PlyCount "100"]
[EventDate "2005.01.??"]
[EventType "swiss"]
[EventRounds "7"]
[EventCountry "GRE"]
[SourceTitle "EXT 2006"]
[Source "ChessBase"]
[SourceDate "2005.11.24"]
[SourceVersion "1"]
[SourceVersionDate "2005.11.24"]
[SourceQuality "1"]

1. e4 c5 2. Nf3 Nc6 3. d4 cxd4 4. Nxd4 Nf6 5. Nc3 d6 6. Be3 Ng4 7. Bg5 Qb6 8. Bb5 a6 9. Nd5 Qa7 10. Nc7+ Kd8 11. Nxc6+ bxc6 12. Qxd6+ Bd7 13. Bxc6 Qxc7 14. Qxc7+ Kxc7 15. Bxa8 e6 16. h3 Ne5 17. f4 Nc4 18. e5 Bb4+ 19. c3 Bxc3+ 20. bxc3 Rxa8 21. 0-0 Rb8 22. Rfb1 Rb5 23. Rxb5 axb5 24. Be7 Bc6 25. g4 Nb6 26. Bd6+ Kd7 27. Rf1 Bd5 28. Kh2 Bc4 29. Rf2 g6 30. h4 Nd5 31. Bb4 Kc6 32. Kg3 Nb6 33. h5 Kd7 34. hxg6 hxg6 35. Rh2 Nd5 36. Rh7 Bxa2 37. Rxf7+ Kc6 38. Ra7 Bc4 39. Ra6+ Kc7 40. Rd6 Bb3 41. Ba5+ Kc8 42. Kh4 Nxf4 43. Kg5 Nh3+ 44. Kxg6 Nf2 45. g5 Ng4 46. Kh7 Nxe5 47. g6 Nd7 48. Rc6+ Kb8 49. g7 Nf6+ 50. Kh8 Bd5 1-0

[Event "GRE-ch U16"]
[Site "Greece"]
[Date "2002.04.27"]
[Round "1.9"]
[White "Kalomenidis, Nikolaos"]
[Black "Soilemetzidis, Konstantinos"]
[Result "0-1"]
[WhiteElo "1790"]
[BlackElo "1485"]
[PlyCount "64"]
[EventDate "2002.??.??"]
[EventType "swiss"]
[EventRounds "6"]
[EventCountry "GRE"]
[SourceTitle "EXT 2004"]
[Source "ChessBase"]
[SourceDate "2003.11.25"]
[SourceVersion "1"]
[SourceVersionDate "2003.11.25"]
[SourceQuality "1"]

1. e4 c5 2. Nf3 d6 3. Bc4 e6 4. 0-0 Nf6 5. Nc3 Be7 6. d4 cxd4 7. Nxd4 0-0 8. Qf3 a6 9. Rd1 Qc7 10. Bd3 Nbd7 11. Qg3 Re8 12. f4 b5 13. Nf3 Bb7 14. Qh3 b4 15. Ne2 Nxe4 16. Be3 f5 17. Ned4 Bf6 18. Ng5 Bxg5 19. fxg5 Ne5 20. Rf1 Ng4 21. Bc1 Qc5 22. Be3 Nxg5 23. Bxg5 Qxd4+ 24. Kh1 Nf2+ 25. Rxf2 Qxf2 26. Be3 Qxg2+ 27. Qxg2 Bxg2+ 28. Kxg2 Rac8 29. Kg3 a5 30. Rf1 g6 31. Rf4 e5 32. Rc4 f4+ 0-1